000 01021nam a22003497a 4500
001 BR2022000593
003 BR-BrBNA
005 20230928105649.0
007 ta
008 230509b bl.||||| |||| 00| 0 por d
040 _aBR-BrBNA
_bpor
_cBiblioteca Nacional de Agricultura
041 _a(Por)
072 _aF01; F08; S01
_b1400
090 _ 1400 BR2022000593
100 1 _aBrandão, C.T.T.
110 1 _aFundação Banco do Brasil, Brasília, DF (Brasil)
_94779
245 1 _aHorta Perene
_bProjeto Alimentação Sustentável
260 3 _aBrasília, DF (Brasil):
_c[nd].
300 _a49 p.
500 _aPublished after 1998; 21 illus.; 3 tables
650 _aHORTA
650 _aHORTALIÇA
650 _aHORTICULTURA
650 _aDIVERSIFICAÇÃO DE CULTURA
650 _aAGRICULTURA SUSTENTÁVEL
650 _aALIMENTO VEGETAL
650 _aCOMPOSIÇÃO DE ALIMENTO
650 _aHÁBITO ALIMENTAR
650 _aNUTRIÇÃO HUMANA
909 _a202309
_bLucia
_c55
_dLucia Elande
942 _cBK
999 _c86097
_d86097